| 000 | 00775nam a2200217 a 4500 | ||
|---|---|---|---|
| 001 | 655 | ||
| 003 | CDMR | ||
| 005 | 20131108122820.0 | ||
| 008 | 130130s1992||||||||||||||||||||||||||||d | ||
| 020 | _a8474914116 | ||
| 040 |
_aCDMR _bcat _cCDMR |
||
| 100 | 1 |
_aPizarroso Quintero, Alejandro _9431 |
|
| 245 | 1 | 0 |
_aDe la Gazeta Nueva a Canal Plus _b: breve historia de los medios de comunicación en España _cAlejandro Pizarroso Quintero |
| 260 |
_aMadrid _c1992 _bEditorial Complutense |
||
| 300 |
_a299 p ; _c24 cm |
||
| 650 | 0 | 4 |
_94301 _aMitjans de comunicació de massa _zEspanya _xHistòria |
| 650 | 0 | 4 |
_92807 _aMitjans de comunicació de massa _xAspectes polítics |
| 650 | 0 | 4 |
_94090 _aPremsa i política _zEspanya |
| 700 | 1 |
_aAltabella Hernández, José _epr. _912 |
|
| 942 |
_cMON _2udc |
||
| 999 |
_c655 _d655 |
||